<?xml version="1.0" encoding="UTF-8"?>
<record
    xmlns:xsi="http://www.w3.org/2001/XMLSchema-instance"
    xsi:schemaLocation="http://www.loc.gov/MARC21/slim http://www.loc.gov/standards/marcxml/schema/MARC21slim.xsd"
    xmlns="http://www.loc.gov/MARC21/slim">

  <leader>00732nam a2200169 a 4500</leader>
  <controlfield tag="001">000039767</controlfield>
  <controlfield tag="005">20201002033725.0</controlfield>
  <controlfield tag="008">130718s1986    ch            000 0 spa d</controlfield>
  <datafield tag="020" ind1=" " ind2=" ">
    <subfield code="a">8483401312</subfield>
  </datafield>
  <datafield tag="040" ind1=" " ind2=" ">
    <subfield code="a">DO-SdBNP</subfield>
    <subfield code="b">spa</subfield>
    <subfield code="c">BNPHU</subfield>
  </datafield>
  <datafield tag="100" ind1="1" ind2=" ">
    <subfield code="a">P&#xE9;rez Rosales, Vicente,</subfield>
    <subfield code="d">1807-1886.</subfield>
    <subfield code="9">65960</subfield>
  </datafield>
  <datafield tag="245" ind1="1" ind2="0">
    <subfield code="a">Vicente P&#xE9;rez Rosales :</subfield>
    <subfield code="b">p&#xE1;ginas escogidas /</subfield>
    <subfield code="c">compilaci&#xF3;n de Alfonso Cader&#xF3;n Semblanza de Vicente P&#xE9;rez Rosales por Enrique Campos Men&#xE9;ndez. Calder&#xF3;n.</subfield>
  </datafield>
  <datafield tag="260" ind1=" " ind2=" ">
    <subfield code="a">Santiago de Chile :</subfield>
    <subfield code="b">Editorial Universitaria</subfield>
    <subfield code="b">Biblioteca Nacional,</subfield>
    <subfield code="c">1986.</subfield>
  </datafield>
  <datafield tag="300" ind1=" " ind2=" ">
    <subfield code="a">279 p. ;</subfield>
    <subfield code="c">25 cm.</subfield>
  </datafield>
  <datafield tag="700" ind1="1" ind2=" ">
    <subfield code="a">Calder&#xF3;n, Alfonso</subfield>
    <subfield code="e">pr&#xF3;l.</subfield>
    <subfield code="9">47986</subfield>
  </datafield>
  <datafield tag="700" ind1="1" ind2=" ">
    <subfield code="a">Campos Men&#xE9;ndez, Enrique,</subfield>
    <subfield code="d">1914-</subfield>
    <subfield code="t">Semblanza de Vicente P&#xE9;rez Rosales.</subfield>
    <subfield code="f">1986.</subfield>
    <subfield code="9">65961</subfield>
  </datafield>
  <datafield tag="952" ind1=" " ind2=" ">
    <subfield code="0">0</subfield>
    <subfield code="1">0</subfield>
    <subfield code="5">0</subfield>
    <subfield code="7">1</subfield>
    <subfield code="8">MO</subfield>
    <subfield code="a">GR</subfield>
    <subfield code="b">GR</subfield>
    <subfield code="c">CT</subfield>
    <subfield code="d">2013-07-18</subfield>
    <subfield code="i">LF1</subfield>
    <subfield code="l">0</subfield>
    <subfield code="o"> </subfield>
    <subfield code="p">39767-10</subfield>
    <subfield code="r">2020-06-25</subfield>
    <subfield code="w">2020-06-25</subfield>
    <subfield code="y">1</subfield>
    <subfield code="Z">No se presta</subfield>
  </datafield>
  <datafield tag="999" ind1=" " ind2=" ">
    <subfield code="c">39257</subfield>
    <subfield code="d">39257</subfield>
  </datafield>
</record>
